01079nam a2200229 a 450000100100000000500170001000800410002704000250006808200200009310000360011324500590014926000710020830000210027950000480030059000260034865000290037465000310040391000370043495201760047195201850064799900170083200003314020240411074013.0110818s1932 dr r 000 j spa d aDO-SdBNPbspacBNPHU aRD 863.4bD352d1 aDelgado Carbonell, R. A.95879910aDos hermanos herederos /cpor R. A. Delgado Carbonell. aPuerto Plata, República Dominicana :bImprenta de Ortega,c1932. a187 p. ;c20 cm. aA la cabeza de la portada "Cuento de campo" aInventariado, 2018/VM 0aCuentos dominicanos9176 4aLiteratura dominica910516 aValidado. Control de calidad MFF 0010718PDaPDbPDcHDd2011-08-18iLF1l0oRD 863.4 D352dp33140-10r2020-06-25w2020-06-25yLFPDzPerteneció a la biblioteca personal de Martínez BoogZNo se presta 0010718PDaPDbPDcHDd2011-08-18iLF1l0oRD 863.4 D352dp33140-20r2020-06-25te. 2w2020-06-25yLFPDzPerteneció a la biblioteca personal de Julio Ortega FrierZNo se presta c32631d32631